[Event "Titled Tue 27th May Early"]
[Site "chess.com INT"]
[Date "2025.05.27"]
[Round "4"]
[White "Rossi, Maximiliano"]
[Black "Karvatskyi, Oleksii"]
[Result "1/2-1/2"]
[BlackTitle "CM"]
[WhiteElo "2013"]
[BlackElo "2248"]
[WhiteFideId "113425"]
[BlackFideId "14191059"]
[EventDate "2025.05.27"]

1. e4 c5 2. Nf3 d6 3. d4 cxd4 4. Nxd4 Nf6 5. f3 g6 6. c4 Bg7 7. Nc3 O-O 8. Be3
a6 9. Be2 Nc6 10. Qd2 Nxd4 11. Bxd4 Be6 12. Rc1 Rc8 13. b3 Qa5 14. O-O Rfd8 15.
Rfd1 h5 16. Be3 h4 17. Qe1 h3 18. g3 b5 19. Nd5 Qxe1+ 20. Rxe1 Bxd5 21. cxd5 Nd7
22. f4 Bb2 23. Rxc8 Rxc8 24. Bg4 Rc7 25. Bxh3 Nc5 26. Bxc5 Rxc5 27. Re2 Bd4+ 28.
Kg2 Rc1 29. Bd7 b4 30. Bc6 e5 31. h4 f5 32. h5 fxe4 33. hxg6 exf4 34. Rxe4 Rg1+
35. Kf3 Rxg3+ 36. Kxf4 Rd3 37. Be8 Be5+ 38. Rxe5 dxe5+ 39. Kxe5 Kf8 40. Bf7 Ke7
41. Be6 Rg3 42. Bf5 Re3+ 43. Kd4 Rg3 44. Ke5 Re3+ 45. Be4 Rg3 46. d6+ Kd8 47.
Bf5 a5 48. d7 Rg2 49. Kf6 Rxa2 50. g7 Rg2 51. Kf7 a4 52. bxa4 b3 53. g8=Q+ Rxg8
54. Kxg8 b2 55. Bb1 Kxd7 56. Kf7 Kd6 57. a5 Kc5 58. a6 Kb6 59. Bd3 b1=Q 60. Bxb1
Kxa6 1/2-1/2

[Event "Titled Tue 27th May Early"]
[Site "chess.com INT"]
[Date "2025.05.27"]
[Round "4"]
[White "Mariano, Fabian Glen"]
[Black "Mendonca, Leon Luke"]
[Result "0-1"]
[WhiteTitle "FM"]
[BlackTitle "GM"]
[WhiteElo "2402"]
[BlackElo "2630"]
[WhiteFideId "7129041"]
[BlackFideId "35028561"]
[EventDate "2025.05.27"]

1. e4 c6 2. d4 d5 3. e5 Bf5 4. Nf3 e6 5. Be2 Nd7 6. O-O h6 7. Nbd2 Ne7 8. a4 Bh7
9. a5 c5 10. a6 Qc7 11. axb7 Qxb7 12. Nb3 Nc6 13. c4 dxc4 14. Bxc4 cxd4 15.
Nbxd4 Nxd4 16. Qxd4 Bc5 17. Qg4 g5 18. Re1 Bf5 19. Qh5 Bg6 20. Qg4 Be7 21. Qg3
Nc5 22. h4 Ne4 23. Qh3 Bf5 24. g4 Bg6 25. hxg5 Qb4 26. b3 Qc3 27. Be3 Kf8 28.
gxh6 Kg8 29. Rac1 Qb4 30. Nh4 Bxh4 31. Qxh4 Kh7 32. Bg5 Rac8 33. Bf6 Rhg8 34.
Rxe4 Bxe4 35. g5 Bg6 36. Re1 Qxe1+ 37. Kh2 Qe4 38. Qg3 Rxc4 39. bxc4 Qxc4 40.
Qe3 Qd3 41. Qxa7 Qf5 0-1

[Event "Titled Tue 27th May Early"]
[Site "chess.com INT"]
[Date "2025.05.27"]
[Round "4"]
[White "Kovalenko, Igor"]
[Black "Martin Fuentes, Alberto"]
[Result "1-0"]
[WhiteTitle "GM"]
[BlackTitle "FM"]
[WhiteElo "2676"]
[BlackElo "2376"]
[WhiteFideId "14117908"]
[BlackFideId "2292289"]
[EventDate "2025.05.27"]

1. Nf3 Nf6 2. c4 c5 3. g3 Nc6 4. Bg2 d6 5. d4 cxd4 6. Nxd4 Bd7 7. Nc3 g6 8. b3
Bg7 9. Bb2 O-O 10. O-O Qa5 11. e3 Rfe8 12. h3 Qh5 13. Qxh5 Nxh5 14. Rad1 Nf6 15.
g4 Rec8 16. Nde2 Kf8 17. f4 Nb4 18. Rd2 Bc6 19. e4 Nd7 20. a3 Na6 21. b4 Rab8
22. b5 Nac5 23. bxc6 bxc6 24. Rc2 Rb3 25. Nd1 Bxb2 26. Rxb2 Rxa3 27. Nf2 Ra4 28.
Rc1 Nb6 29. Rbc2 Rb8 30. Nd4 Rc8 31. e5 d5 32. cxd5 Rxd4 33. Rxc5 Rxf4 34. Rxc6
Rd8 35. Ra1 Nxd5 36. Rd1 e6 37. Ra6 Rd7 38. Bxd5 exd5 39. Kg2 Rb4 40. Nd3 Rc4
41. e6 fxe6 42. Rxe6 Rc2+ 43. Kg3 Rc3 44. Kh4 Kg7 45. Ne5 Rb7 46. Rxd5 Kh6 47.
g5+ Kg7 48. Rd7+ Rxd7 49. Nxd7 Kf7 50. Ra6 Rc7 51. Ne5+ Ke7 52. Kg4 Kd8 53. Rxa7
Rxa7 54. Nc6+ Kc7 55. Nxa7 Kb6 56. Nc8+ Kc7 57. Ne7 Kd6 58. Ng8 Ke5 59. h4 Ke6
60. Kf4 Kf7 61. Nh6+ Kg7 62. Ke4 Kf8 63. Ke5 Kg7 64. Ke6 Kf8 65. Kf6 1-0

[Event "Titled Tue 27th May Early"]
[Site "chess.com INT"]
[Date "2025.05.27"]
[Round "4"]
[White "Karpenko, Anton"]
[Black "Hayrapetyan, Edgar"]
[Result "0-1"]
[WhiteTitle "CM"]
[BlackTitle "FM"]
[WhiteElo "2218"]
[BlackElo "2161"]
[WhiteFideId "34374353"]
[BlackFideId "13313568"]
[EventDate "2025.05.27"]

1. e4 e6 2. d4 d5 3. e5 c5 4. c3 Qb6 5. Nf3 Nc6 6. a3 Nh6 7. Bd3 cxd4 8. O-O Nf5
9. Bxf5 exf5 10. cxd4 Be6 11. Nc3 Be7 12. Na4 Qd8 13. b4 O-O 14. Be3 Rc8 15. Qd2
b6 16. Rfc1 Qd7 17. Nb2 Rfe8 18. Nd3 Bf8 19. h4 Ne7 20. h5 h6 21. Nf4 Rc4 22.
Qd3 Rec8 23. Qd1 Qc6 24. Ne2 Qb5 25. Nd2 R4c7 26. Rxc7 Rxc7 27. Rc1 Rxc1 28.
Nxc1 Qc6 29. Nd3 Qc3 30. Qb3 Qa1+ 31. Kh2 Nc6 32. Nf3 Nb8 33. Nf4 Qf1 34. Nd2
Qb5 35. Nb1 Qd7 36. Nc3 Na6 37. Kg1 Nc7 38. Bc1 Be7 39. a4 Qc6 40. b5 Qd7 41.
Ba3 Bg5 42. Nh3 Bd8 43. Nf4 Kh7 44. Bd6 Bg5 45. Bxc7 Qxc7 46. Nfxd5 Qd8 47. Qc4
Bd2 48. Qc6 Bxc3 49. Nxc3 Qxd4 50. Qc7 Qf4 51. f3 Qd4+ 52. Kh2 Qh4+ 53. Kg1 Bc4
54. Qc8 Qe1+ 55. Kh2 Qxe5+ 56. Kg1 Qd4+ 57. Kh2 Qd6+ 58. Kg1 Qd4+ 59. Kh1 Qxc3
60. Qxf5+ g6 61. hxg6+ fxg6 62. Qd7+ Qg7 63. Qc6 Bf7 64. Qb7 Qf6 65. Qxa7 Kg7
66. a5 bxa5 67. b6 Qh4+ 68. Kg1 Qd4+ 69. Kh2 a4 70. b7 Qxa7 0-1

[Event "Titled Tue 27th May Early"]
[Site "chess.com INT"]
[Date "2025.05.27"]
[Round "4"]
[White "Leschinsky, Gary"]
[Black "Sabuk, Piotr"]
[Result "0-1"]
[BlackTitle "IM"]
[WhiteElo "1992"]
[BlackElo "2321"]
[WhiteFideId "30951321"]
[BlackFideId "1137565"]
[EventDate "2025.05.27"]

1. d4 d5 2. c4 e6 3. Nc3 Nf6 4. cxd5 exd5 5. Bg5 Be7 6. e3 O-O 7. Bd3 h6 8. Bh4
Ng4 9. Bxe7 Qxe7 10. Nxd5 Qd6 11. Nf4 Qb4+ 12. Kf1 Qxb2 13. Nge2 Re8 14. h3 Nf6
15. Qc1 Qxc1+ 16. Rxc1 c6 17. Nc3 Nbd7 18. Re1 Nf8 19. g4 Ne6 20. Nxe6 Bxe6 21.
f3 Red8 22. Bb1 Rac8 23. Ne4 Nxe4 24. Bxe4 Bxa2 25. Kf2 Bd5 26. Bf5 Rc7 27. Ra1
a6 28. Rhc1 Kf8 29. Ra5 Ke8 30. e4 Be6 31. Ke3 g6 32. Bxe6 fxe6 33. f4 Ke7 34.
h4 Rcd7 35. Rc4 Kd6 36. f5 gxf5 37. gxf5 exf5 38. Rxf5 Re7 39. Kf4 Rde8 40. e5+
Kd5 41. Ra4 Rg8 42. Rf6 Re6 43. Rf7 c5 44. dxc5 h5 45. Kf3 Rxe5 46. Rxb7 Rf8+
47. Rf4 Ref5 48. Rxf5+ Rxf5+ 49. Ke3 Kxc5 50. Rg7 a5 51. Rg5 Rd5 52. Ke4 Rxg5
53. hxg5 Kd6 54. Kf5 Ke7 55. Kg6 h4 56. Kh7 h3 57. g6 h2 58. g7 h1=Q+ 0-1

[Event "Titled Tue 27th May Early"]
[Site "chess.com INT"]
[Date "2025.05.27"]
[Round "4"]
[White "Sobek, Jaroslav"]
[Black "Dominguez, Ramiro"]
[Result "1/2-1/2"]
[WhiteTitle "FM"]
[BlackTitle "FM"]
[WhiteElo "2195"]
[BlackElo "2185"]
[WhiteFideId "301388"]
[BlackFideId "4420055"]
[EventDate "2025.05.27"]

1. d4 Nf6 2. c4 e6 3. Bf4 d5 4. e3 Bd6 5. Bxd6 Qxd6 6. c5 Qe7 7. Nc3 Nbd7 8. Nf3
c6 9. Bd3 e5 10. Be2 O-O 11. O-O Re8 12. b4 a6 13. a4 Ne4 14. Nxe4 dxe4 15. Nxe5
Nxe5 16. dxe5 Qxe5 17. Qc2 Be6 18. Rad1 Bd5 19. Rd4 Re6 20. Rfd1 Rh6 21. g3 Re6
22. Qd2 h5 23. Bc4 Rd8 24. Bxd5 cxd5 25. Rxd5 Rxd5 26. Qxd5 Qb2 27. Qxb7 Rf6 28.
Rf1 Qc2 29. Qb8+ Kh7 30. Qc8 Qxa4 31. Qb7 Qc2 32. h4 Rf3 33. Qd5 g6 34. Qc6 Rf5
35. Qxa6 Qb3 36. Qb7 Qe6 37. Rd1 Re5 38. Qd7 Qf6 39. Rd2 Re7 40. Qd4 Qf3 41. Rd1
Re6 42. b5 Re5 43. b6 Rxc5 44. Qxc5 Qxd1+ 45. Kg2 Qf3+ 46. Kg1 Qd1+ 47. Kg2 Qf3+
48. Kg1 Qd1+ 1/2-1/2

[Event "Titled Tue 27th May Early"]
[Site "chess.com INT"]
[Date "2025.05.27"]
[Round "4"]
[White "Sheremetev, Vladislav"]
[Black "Mikhailovsky, Vladimir"]
[Result "1/2-1/2"]
[WhiteTitle "CM"]
[BlackTitle "CM"]
[WhiteElo "2160"]
[BlackElo "2215"]
[WhiteFideId "54188300"]
[BlackFideId "34105414"]
[EventDate "2025.05.27"]

1. e4 c5 2. Nf3 e6 3. d4 cxd4 4. Nxd4 a6 5. Bd3 Bc5 6. Nb3 Ba7 7. O-O Ne7 8. c4
O-O 9. Nc3 Nbc6 10. Qe2 d5 11. cxd5 exd5 12. exd5 Nxd5 13. Nxd5 Qxd5 14. Qe4 Qh5
15. Be3 Bxe3 16. Qxe3 Bf5 17. Bxf5 Qxf5 18. Rfe1 Rad8 19. Rad1 h6 20. h3 Qc2 21.
Rxd8 Rxd8 22. Qe2 Qf5 23. Qe4 Qf6 24. Qe2 Qd6 25. Qc2 Qb4 26. Rd1 Re8 27. Qd2
Qa4 28. Qc3 Re2 29. Re1 Rxe1+ 30. Qxe1 Qxa2 31. Qe8+ Kh7 32. Qxf7 Qxb2 33. Qxb7
Qb1+ 34. Kh2 Nd4 35. Nc5 Qxb7 36. Nxb7 Kg6 37. g4 Kf6 38. f4 g5 39. fxg5+ hxg5
40. Kg3 Ke5 41. h4 gxh4+ 42. Kxh4 Kf4 43. Kh5 Nf3 44. Na5 Ne5 45. Nb3 Nxg4 46.
Kg6 Ke3 47. Kf5 Nf2 48. Ke5 Ne4 49. Kd5 Kd3 50. Kc6 1/2-1/2

[Event "Titled Tue 27th May Early"]
[Site "chess.com INT"]
[Date "2025.05.27"]
[Round "4"]
[White "Dishman, Stephen"]
[Black "Ingebretsen, Jens E"]
[Result "0-1"]
[WhiteTitle "FM"]
[BlackTitle "IM"]
[WhiteElo "2284"]
[BlackElo "2414"]
[WhiteFideId "403024"]
[BlackFideId "1522965"]
[EventDate "2025.05.27"]

1. d4 Nf6 2. Bg5 c6 3. Nd2 d5 4. e3 Nbd7 5. Ngf3 h6 6. Bh4 g5 7. Bg3 Nh5 8. c4
Nxg3 9. hxg3 e6 10. Bd3 Bg7 11. Qc2 a6 12. O-O-O b5 13. cxd5 cxd5 14. Kb1 Bb7
15. Rc1 Rc8 16. Qb3 Nb6 17. Qb4 Bf8 18. Qa5 Bd6 19. Rxc8 Bxc8 20. Rc1 O-O 21. b3
Bb7 22. g4 Kg7 23. Ne5 Bc7 24. Qc3 Bd6 25. Ndf3 Qe7 26. Nc6 Qc7 27. Nce5 Qxc3
28. Rxc3 f6 29. Ng6 Rc8 30. Kc2 Rxc3+ 31. Kxc3 Bc6 32. g3 Be8 33. Ngh4 gxh4 34.
gxh4 b4+ 35. Kd2 Bb5 36. Bc2 a5 37. h5 e5 38. Nh4 Bd7 39. Bf5 Kf7 40. f3 exd4
41. exd4 Bf4+ 42. Kd3 Bb5+ 43. Kc2 Bg5 44. Ng6 Be3 45. Nh8+ Kg7 46. Ng6 Bxd4 47.
Kd2 Bc3+ 48. Kc2 d4 49. Nf4 Kf7 50. Bg6+ Ke7 51. Bf5 Kd6 52. Nd3 Nd5 53. Nf2
Ne3+ 54. Kc1 Ke5 55. Nh3 Bf1 56. f4+ Kd6 57. Nf2 Nxf5 58. gxf5 d3 59. Ne4+ Kd5
60. Nxf6+ Bxf6 0-1

[Event "Titled Tue 27th May Early"]
[Site "chess.com INT"]
[Date "2025.05.27"]
[Round "4"]
[White "Sathvik Adiga"]
[Black "Maslovskiy, Vladimir"]
[Result "1-0"]
[WhiteTitle "IM"]
[BlackTitle "FM"]
[WhiteElo "2341"]
[BlackElo "2370"]
[WhiteFideId "25745700"]
[BlackFideId "24273546"]
[EventDate "2025.05.27"]

1. e4 e5 2. Nf3 Nf6 3. Nxe5 d6 4. Nd3 Nxe4 5. Qe2 Qe7 6. Nf4 Nc6 7. Nd5 Nd4 8.
Nxe7 Nxe2 9. Nd5 Nd4 10. d3 Nf6 11. Nxf6+ gxf6 12. Kd1 Rg8 13. Be3 Bg4+ 14. Kd2
Nc6 15. Nc3 O-O-O 16. Re1 Be6 17. g3 d5 18. Bf4 Ne7 19. Nb5 Ng6 20. Bxc7 Rd7 21.
Ba5 b6 22. Bc3 Bh6+ 23. Kd1 Bg4+ 24. Be2 Bxe2+ 25. Rxe2 a6 26. Nd4 Ne5 27. Nf5
Bf8 28. f4 Ng4 29. h3 Nh6 30. Re8+ Rd8 31. Rxd8+ Kxd8 32. Bxf6+ Kd7 33. Nxh6
Bxh6 34. Bh4 f5 35. Re1 Bf8 36. Re5 Bd6 37. Rxf5 Ke6 38. Rh5 Rg7 39. Rh6+ Kd7
40. f5 Rf7 41. f6 Be5 42. c3 d4 43. c4 Ke6 44. Ke2 b5 45. b3 bxc4 46. bxc4 Rb7
47. Kf3 Rb1 48. Rxh7 Rf1+ 49. Kg4 Re1 50. Re7+ Kd6 51. f7 1-0

[Event "Titled Tue 27th May Early"]
[Site "chess.com INT"]
[Date "2025.05.27"]
[Round "4"]
[White "Dyachuk, Artem"]
[Black "Madhesh Kumar S"]
[Result "0-1"]
[WhiteTitle "FM"]
[BlackTitle "CM"]
[WhiteElo "2356"]
[BlackElo "2243"]
[WhiteFideId "34107924"]
[BlackFideId "25168649"]
[EventDate "2025.05.27"]

1. e4 e5 2. Nf3 Nc6 3. Bb5 a6 4. Ba4 Nf6 5. O-O b5 6. Bb3 Bc5 7. c3 d6 8. d4 Bb6
9. a4 Rb8 10. axb5 axb5 11. Qd3 O-O 12. Qxb5 Qe8 13. Qd3 exd4 14. cxd4 Nxd4 15.
Nxd4 Bxd4 16. Qxd4 Rxb3 17. Nc3 Bb7 18. Re1 Qc6 19. Bg5 Nd7 20. Nd5 Qc5 21. Qa4
Bxd5 22. exd5 Rxb2 23. Be3 Qb5 24. Qd4 Rb4 25. Qd2 Nf6 26. Bd4 Nxd5 27. Red1 Re8
28. h4 h6 29. Rac1 c6 30. Qc2 Nf4 31. Qxc6 Qxc6 32. Rxc6 Rxd4 33. Rxd6 Rxd1+ 34.
Rxd1 Ne6 35. g3 Kf8 36. f4 g6 37. Kf2 h5 38. Kf3 Ng7 39. Ra1 Nf5 40. Ra3 Kg7 41.
Rd3 Re6 42. Ra3 Kf6 43. Rd3 Ke7 44. Ra3 Nd4+ 45. Kg2 Re2+ 46. Kh3 Rf2 47. Ra7+
Kf6 48. Ra6+ Kg7 49. Ra5 Ne2 0-1

[Event "Titled Tue 27th May Early"]
[Site "chess.com INT"]
[Date "2025.05.27"]
[Round "4"]
[White "Levitan, Judah Nathan"]
[Black "Buscar, Michael"]
[Result "0-1"]
[WhiteTitle "CM"]
[WhiteElo "2127"]
[BlackElo "2016"]
[WhiteFideId "14332639"]
[BlackFideId "2603616"]
[EventDate "2025.05.27"]

1. e4 c5 2. Nf3 Nc6 3. Bb5 Nf6 4. Nc3 g6 5. O-O Bg7 6. e5 Ng4 7. Bxc6 dxc6 8.
Re1 Nh6 9. d3 Nf5 10. Ne4 b6 11. Nf6+ exf6 12. exf6+ Kf8 13. fxg7+ Kxg7 14. Bf4
Re8 15. Qd2 Be6 16. Ng5 Qd7 17. Ne4 f6 18. h3 Bd5 19. Nc3 Rxe1+ 20. Rxe1 Re8 21.
Rxe8 Qxe8 22. Kf1 Nd4 23. Nxd5 cxd5 24. c3 Ne6 25. Qe3 Kf7 26. g3 Qa4 27. Qc1
Qxa2 28. Be3 Qa4 29. Kg2 Qc6 30. Kg1 a5 31. Qc2 Qd6 32. Qd2 d4 33. cxd4 cxd4 34.
Bf4 Nxf4 35. gxf4 Qd5 36. Kh2 Qf3 37. Qc2 Kg7 38. Qc7+ Kh6 39. Qb8 Qxf2+ 40. Kh1
Qf1+ 41. Kh2 Qxd3 42. Qf8+ Kh5 43. Qg7 Qd2+ 44. Kg3 Qe3+ 45. Kg2 Qd2+ 46. Kg3
Qd3+ 47. Kg2 h6 48. Qxf6 Qd2+ 49. Kg3 Qe3+ 50. Kg2 Qe4+ 51. Kg3 d3 0-1

[Event "Titled Tue 27th May Early"]
[Site "chess.com INT"]
[Date "2025.05.27"]
[Round "4"]
[White "Slovineanu, Viacheslav"]
[Black "Arakelyan, Manvel"]
[Result "1-0"]
[WhiteTitle "IM"]
[BlackTitle "FM"]
[WhiteElo "2412"]
[BlackElo "2326"]
[WhiteFideId "13900510"]
[BlackFideId "13317415"]
[EventDate "2025.05.27"]

1. d4 d5 2. Nf3 Nf6 3. c4 e6 4. e3 Be7 5. b3 O-O 6. Bd3 b6 7. O-O Bb7 8. Bb2
Nbd7 9. Nc3 h6 10. Qe2 c5 11. Rad1 Qc7 12. Ne5 Rac8 13. f4 Ne4 14. Nb5 Qd8 15.
Nxd7 Qxd7 16. Bxe4 dxe4 17. dxc5 Qe8 18. Nd6 Bxd6 19. cxd6 Qd7 20. Qg4 f6 21.
Rd2 Kh7 22. f5 e5 23. Qg6+ Kh8 24. g4 Bc6 25. Qh5 Qb7 26. Rfd1 Rcd8 27. Qh4 Be8
28. Qg3 Rd7 29. h4 Qc6 30. g5 Bh5 31. Rf1 Rxd6 32. gxh6 gxh6 33. Ba3 Rxd2 34.
Bxf8 Qd7 35. Bxh6 Bf3 36. Rxf3 exf3 37. Qxf3 Qf7 38. e4 Rd8 39. Be3 Rg8+ 40. Kf2
Qh7 41. h5 Rd8 42. h6 Kg8 43. Qg4+ Kf7 44. Qh5+ Ke7 45. c5 Rh8 46. cxb6 axb6 47.
Qf3 Kd6 48. Qd1+ Ke7 49. Qd5 Qf7 50. Qb7+ Kf8 51. Qxb6 Rxh6 52. Bxh6+ Kg8 53.
Be3 Kg7 54. Qd8 1-0

[Event "Titled Tue 27th May Early"]
[Site "chess.com INT"]
[Date "2025.05.27"]
[Round "4"]
[White "Vasilenok, Anton"]
[Black "Punin, Andrii"]
[Result "0-1"]
[WhiteTitle "CM"]
[BlackTitle "FM"]
[WhiteElo "2137"]
[BlackElo "2289"]
[WhiteFideId "34133124"]
[BlackFideId "14112639"]
[EventDate "2025.05.27"]

1. d4 Nf6 2. c4 e6 3. Nf3 d5 4. Nc3 c5 5. cxd5 cxd4 6. dxe6 dxc3 7. exf7+ Ke7 8.
Qb3 Qd5 9. Qxc3 Nc6 10. Be3 Qa5 11. Qxa5 Nxa5 12. Ne5 Ke6 13. Nd3 Kxf7 14. h3
Nc4 15. Bd4 Be6 16. b3 Na3 17. Ne5+ Kg8 18. Rc1 Bd6 19. e3 Nd7 20. Nxd7 Bxd7 21.
Bd3 Kf7 22. Ke2 Bb5 23. Rhd1 Rhc8 24. Bb2 Ke6 25. g4 g6 26. f4 Rxc1 27. Bxc1
Bxd3+ 28. Rxd3 Nb5 29. a4 Nc7 30. f5+ gxf5 31. gxf5+ Kd7 32. Ba3 Ne8 33. f6 Ke6
34. Bb2 Bf8 35. e4 Nxf6 36. e5 Nd5 37. Kf3 Be7 38. Ke4 Nc7 39. Rc3 Rc8 40. Rc2
h5 41. a5 Kd7 42. Kf5 Rf8+ 43. Ke4 Ne6 44. Rd2+ Ke8 45. Rg2 Rf4+ 46. Kd5 Nd8 47.
Rg8+ Kd7 48. Rh8 Rh4 49. Rh7 Rxh3 50. Ba3 Nc6 51. e6+ Kd8 0-1

[Event "Titled Tue 27th May Early"]
[Site "chess.com INT"]
[Date "2025.05.27"]
[Round "4"]
[White "Zaksaite, Salomeja"]
[Black "Shevchenko, Yaroslav"]
[Result "0-1"]
[WhiteTitle "WGM"]
[WhiteElo "2119"]
[BlackElo "2137"]
[WhiteFideId "12801496"]
[BlackFideId "34144684"]
[EventDate "2025.05.27"]

1. d4 e6 2. e4 d5 3. e5 c5 4. c3 Nc6 5. Nf3 Qb6 6. Bd3 cxd4 7. O-O Bd7 8. cxd4
Nxd4 9. Nc3 a6 10. Nxd4 Qxd4 11. Re1 Ne7 12. Be3 Qb4 13. a3 Qa5 14. b4 Qd8 15.
Na4 Nc6 16. Nc5 d4 17. Bf4 Bxc5 18. bxc5 Qa5 19. Qg4 g6 20. Bg5 h5 21. Qg3 Qxc5
22. Bf6 Rg8 23. Qg5 Ne7 24. Rac1 Qxa3 25. Be4 Bc6 26. Qh6 Bxe4 27. Rxe4 Nd5 28.
Qh7 Qf8 29. Rxd4 a5 30. g4 hxg4 31. Qh4 Qa3 32. Rcd1 a4 33. Qxg4 Qb3 34. Rxd5
exd5 35. e6 Ra6 36. exf7+ Kxf7 37. Bd4 Re6 38. Qf4+ Ke8 39. Qb8+ Kf7 40. Qc7+
Re7 41. Qf4+ Ke8 42. Qd6 Qxd1+ 0-1

[Event "Titled Tue 27th May Early"]
[Site "chess.com INT"]
[Date "2025.05.27"]
[Round "4"]
[White "Urbina Perez, Juan Antonio"]
[Black "Janukshan, B"]
[Result "0-1"]
[WhiteTitle "FM"]
[BlackTitle "CM"]
[WhiteElo "2221"]
[BlackElo "1967"]
[WhiteFideId "2217368"]
[BlackFideId "29945399"]
[EventDate "2025.05.27"]

1. d4 Nf6 2. Nf3 g6 3. Bg5 Bg7 4. c3 c5 5. e3 b6 6. Nbd2 Bb7 7. Bd3 O-O 8. h4 h5
9. Qc2 Nc6 10. O-O-O Rc8 11. a3 Ng4 12. Rdf1 cxd4 13. exd4 Qe8 14. Nb3 e5 15.
Re1 d6 16. Kb1 Qd7 17. Re2 exd4 18. c4 Nge5 19. Nfxd4 Nxd4 20. Nxd4 Bxg2 21. Rg1
Bb7 22. Bf4 Ng4 23. Nb5 d5 24. Nd6 Rc6 25. Nxb7 Qxb7 26. Qb3 d4 27. Be4 Qe7 28.
f3 Nf6 29. Bg5 Re6 30. Rge1 Qd6 31. Qd3 Nxe4 32. fxe4 Qe5 33. Bc1 Rc8 34. b3 a5
35. Bb2 Qc5 36. a4 Rce8 37. Rd1 Rd8 38. Red2 Qe7 39. Re2 Qxh4 40. Rf1 Qg4 41.
Ref2 Rd7 42. Rf4 Qg5 43. Bc1 Qe5 44. Bb2 Qd6 45. R4f3 h4 46. Ka2 g5 47. Rf5 Rg6
48. Qf3 Qe6 49. e5 g4 50. Qf2 g3 51. Qf3 g2 52. Rg1 d3 53. Rh5 Rd8 54. Rxh4 d2 0-1

[Event "Titled Tue 27th May Early"]
[Site "chess.com INT"]
[Date "2025.05.27"]
[Round "4"]
[White "Tristan, Leonardo"]
[Black "Mayorau, Mikita1"]
[Result "1-0"]
[WhiteTitle "GM"]
[BlackTitle "GM"]
[WhiteElo "2536"]
[BlackElo "2472"]
[WhiteFideId "113816"]
[BlackFideId "13501720"]
[EventDate "2025.05.27"]

1. d4 Nf6 2. Nf3 c5 3. c3 d5 4. Bf4 Qb6 5. Qb3 Nc6 6. dxc5 Qxc5 7. e3 Nh5 8. Bg3
Nxg3 9. hxg3 e5 10. Nbd2 Be7 11. Qb5 Qd6 12. Rd1 Be6 13. Nc4 Qc7 14. Ncxe5 a6
15. Qa4 O-O 16. Qf4 Nxe5 17. Qxe5 Bd6 18. Qh5 h6 19. Bd3 Rae8 20. Nd4 Bxg3 21.
fxg3 Qxg3+ 22. Kd2 Bg4 23. Qxd5 Qxe3+ 24. Kc2 Bxd1+ 25. Rxd1 Rc8 26. Nf5 Qg5 27.
Qxb7 Rcd8 28. Qe4 Rfe8 29. Qf3 g6 30. Nd4 Qc5 31. Kb1 Qg5 32. Rf1 Rd7 33. Bxa6
Rde7 34. Bc4 Rf8 35. g4 Kg7 36. Qf4 Qxf4 37. Rxf4 f6 38. Ne6+ Rxe6 39. Bxe6 Re8
40. Bd5 Re5 41. Rd4 h5 42. gxh5 gxh5 43. a4 h4 44. a5 h3 45. a6 h2 46. Bb7 Re1+
47. Ka2 h1=Q 48. Bxh1 Rxh1 49. Rd7+ Kg6 50. a7 Rh8 51. b4 Ra8 52. b5 f5 53. b6
f4 54. Kb3 f3 55. Rd3 Rf8 56. Rxf3 Rxf3 57. a8=Q 1-0

[Event "Titled Tue 27th May Early"]
[Site "chess.com INT"]
[Date "2025.05.27"]
[Round "4"]
[White "Diaz Vasquez, Martin"]
[Black "Ejsymont, Blanka"]
[Result "1-0"]
[WhiteTitle "CM"]
[BlackTitle "WCM"]
[WhiteElo "2266"]
[BlackElo "1907"]
[WhiteFideId "3410579"]
[BlackFideId "21088268"]
[EventDate "2025.05.27"]

1. e4 c5 2. Nf3 d6 3. c3 Nf6 4. Be2 Nc6 5. d4 cxd4 6. cxd4 e5 7. Nc3 Be7 8. h3
O-O 9. O-O a6 10. Re1 Qc7 11. Bg5 exd4 12. Nxd4 Nxd4 13. Qxd4 Be6 14. Rac1 Qc5
15. Qd2 Qe5 16. Bf4 Qa5 17. Nd5 Qd8 18. Nxf6+ Bxf6 19. Bxd6 Bxb2 20. Rcd1 Qc8
21. Qxb2 Rd8 22. Be5 f6 23. Bxf6 gxf6 24. Qxf6 Bf7 25. e5 Rxd1 26. Rxd1 Qc2 27.
e6 Bg6 28. Bg4 Rf8 29. Rd8 Qc1+ 30. Rd1 Qc2 31. Qd4 Qc7 32. Qd7 Qc2 33. Qd4 Qc7
34. Bf3 Qe7 35. Qd7 Qf6 36. e7 Re8 37. Re1 Kf7 38. Bd5+ Kg7 39. Qxb7 Qd6 40. Bc6
Qd2 41. Re3 Qd1+ 42. Kh2 Qd6+ 43. g3 Qd2 44. Rf3 Be4 45. Bxe4 Qd6 46. Qd5 Qh6
47. Qe5+ Kg8 48. Rf8+ Rxf8 49. exf8=Q+ Qxf8 50. Bd5+ Qf7 51. Qe8+ Kg7 52. Qxf7+
Kh6 53. Qf6+ Kh5 54. g4# 1-0

[Event "Titled Tue 27th May Early"]
[Site "chess.com INT"]
[Date "2025.05.27"]
[Round "4"]
[White "Nurgaliyev, Sauat"]
[Black "Kochiev, Ivan"]
[Result "1-0"]
[WhiteTitle "IM"]
[BlackTitle "CM"]
[WhiteElo "2407"]
[BlackElo "2138"]
[WhiteFideId "13726285"]
[BlackFideId "2917890"]
[EventDate "2025.05.27"]

1. Nf3 Nf6 2. g3 b6 3. Bg2 Bb7 4. O-O c5 5. a4 Nc6 6. d4 e6 7. Nc3 cxd4 8. Nxd4
Be7 9. Nxc6 Bxc6 10. Bxc6 dxc6 11. Bf4 Nd5 12. Nxd5 cxd5 13. e4 dxe4 14. Qe2 O-O
15. Qxe4 Bf6 16. Rfd1 Qc8 17. c3 Rd8 18. Rxd8+ Qxd8 19. a5 bxa5 20. Rxa5 h6 21.
Ra6 Bg5 22. Be5 Bf6 23. Bc7 Qc8 24. Ra1 a6 25. Bf4 Ra7 26. Be3 Rb7 27. Ra2 h5
28. h4 Rb5 29. Kg2 Rd5 30. Qa4 Rd6 31. Qe4 Rd5 32. Ra4 Rb5 33. Rc4 Qb8 34. b4
Rd5 35. Bf4 Qd8 36. Be3 Rd1 37. Rc6 Ra1 38. Qc4 Qd1 39. Rc8+ Bd8 40. g4 Qh1+ 41.
Kg3 Rd1 42. Bd4 Qg1+ 43. Kf4 Qh2+ 44. Ke3 Qh3+ 45. Ke2 Qxg4+ 46. f3 Qg2+ 47.
Kxd1 Qxf3+ 48. Kc2 Qg2+ 49. Kb3 Qg1 50. Rxd8+ Kh7 51. Bxg1 1-0

[Event "Titled Tue 27th May Early"]
[Site "chess.com INT"]
[Date "2025.05.27"]
[Round "4"]
[White "Vafin, Ayrat"]
[Black "Perez Rojas, Jorge"]
[Result "1-0"]
[WhiteTitle "FM"]
[BlackTitle "FM"]
[WhiteElo "2302"]
[BlackElo "2100"]
[WhiteFideId "4146530"]
[BlackFideId "3452093"]
[EventDate "2025.05.27"]

1. Nf3 d5 2. g3 g6 3. Bg2 Bg7 4. O-O Nf6 5. d4 O-O 6. c4 dxc4 7. Na3 c5 8. dxc5
c3 9. bxc3 Qa5 10. Bb2 Ne4 11. Nd4 Nxc5 12. Nc4 Qa4 13. Qxa4 Nxa4 14. Rab1 Na6
15. Rfc1 N6c5 16. Ba3 Rb8 17. Nc6 bxc6 18. Rxb8 Nxc3 19. Bf3 N5a4 20. Bxe7 Re8
21. Kg2 Bh3+ 22. Kxh3 Rxb8 23. Bxc6 Nxe2 24. Rc2 Nec3 25. Na5 Rb6 26. Bd8 Rb2
27. Rxb2 Nxb2 28. a3 Nd3 29. f4 Nf2+ 30. Kg2 Nfe4 31. Nc4 Nc5 32. Be7 N3e4 33.
Bd5 Bf8 34. Bd8 Kg7 35. Bc7 f5 36. Be5+ Nf6 37. Bd4 a6 38. Nb6 Ne4 39. Nd7 Bxa3
40. Bxe4 fxe4 41. Nxf6 Kf7 42. Nxe4 Ke6 43. Bc5 Kd5 44. Bxa3 Kxe4 45. Kf2 Kf5
46. Kf3 g5 47. g4+ Kf6 48. f5 h5 49. h3 hxg4+ 50. hxg4 a5 51. Bb2+ Kf7 52. Ke4
a4 53. Ke5 a3 54. Bxa3 1-0